000 00785nam a2200241 a 4500
005 20240806064223.0
008 991125s1996 es 000 0 spa u
020 _a8474320577
035 _aUPN01000217661
049 _aCG
050 4 _aBF637 I5
_aM3.6 1996
100 1 _aMannoni, Maud,
_d1923-1998
_929113
245 1 3 _aLa primera entrevista con el psicoanalista /
_cMaud Mannoni ; pref. Francoise Colto ; tr. Víctor Fischman.
250 _a7a ed.
260 _aBarcelona, Esp. :
_bGedisa,
_c1996.
300 _a143 p.
440 0 _aPsicoteca mayor
534 _pTítulo original:
_tLe premier rende-vous avec le psychanalyste
650 2 _aEntrevistas
_xAspectos psicológicos
_921491
650 4 _aPsicoanálisis
_91572
650 4 _aPSICOLOGIA APLICADA
905 _aLibro
999 _c189761
_d189761